000
00294nam a2200133Ia 4500
005
20251222143316.0
008
251222s9999||||xx |||||||||||||| ||spa||
020
_a
84-7634-001-X
082
_a
153.1/R28
100
_a
Rayner, C.
245
0
_a
La Mente Humana
264
_b
Orbis
942
_c
LIB
999
_c
15898
_d
15898